La procuraduría /

Guardat en:
Dades bibliogràfiques
Autor principal: Díez Riaza, Sara (autor)
Format: Llibre
Idioma:espanyol
Publicat: Madrid, España : Universidad Pontificia Comillas, 1998, c1998
Col·lecció:(Estudios Jurídicos Universidad Pontificia Comillas ; 6)
Matèries:
Etiquetes: Afegir etiqueta
Sense etiquetes, Sigues el primer a etiquetar aquest registre!

MARC

LEADER 00000nam^a2200000^a^4500
001 000136904
005 20250521000000.0
009 20260310095336.543
020 |a 84-89708-25-8 
037 |a Acervo ITESO - Biblioteca 
041 |a ESP 
082 |a 347. 46  |b DIE 
100 |a Díez Riaza, Sara  |e (autor) 
245 1 3 |a La procuraduría /  |c S. Díez Riaza ; pról. de José Granados Well. 
264 4 |a Madrid, España :  |b Universidad Pontificia Comillas,  |c 1998, c1998 
300 |a 385 p. 
336 |a texto  |b txt  |2 rdacontenido 
337 |a sin mediación  |b n  |2 rdamedio 
338 |a volumen  |b nc  |2 rdasoporte 
440 1 |a (Estudios Jurídicos Universidad Pontificia Comillas ;  |v 6) 
649 |a XX 
650 |a Abogados Españoles 
650 |a Derecho Procesal -  |z España 
650 |a Derecho Público -  |z España 
910 |a Fondo General 
920 |a Impresos - Libros 
930 |a Colección General 
905 |a 101 
901 |a 0500065730  |b IT1  |c ACC  |u 20250521 
902 |a https://opac.biblio.iteso.mx/vufind/Record/000136904